000 01326nam0a22002411 4500
001 rc\840126
005 20260407110457.0
035 _a(NLR Aleph) 006021657
090 _a7434360
_c7434360
100 _a20041129d1983 |||y0rusy50 ca
101 0 _arus
102 _aRU
105 _ay |||||||||
200 1 _aМетодика рационального распределения капитальных вложений по направлениям их использования в Госснабах союзных республик и Главных территориальных управлениях Госснаба СССР
_e(Метод. рекомендации)
_fГос. ком. СССР по матер.-техн. снабжению, НИИ экономики и орг. матер.-техн. снабжения (НИИМС)
_g[Выполн. к. э. н. доц. А.И. Баскин и др.]
210 _aМ.
_cБ. и.
_d1983
215 _a50 с.
_d20
702 1 _aБаскин
_bА.И.
_gАркадий Исаакович
_4570
712 0 2 _aНИИ экономики и организации материально-техн. снабжения
_cМосква
_3RU\NLR\AUTH\889938204
_9371226
801 0 _aRU
_bNLR
_gpsbo
801 1 _aRU
_bELAR
_2rusmarc
852 _aNLR
_j84-4/17708
942 _cBOOK
980 _aNB